Plant functional types : (Record no. 1964)

MARC details
000 -LEADER
fixed length control field 01239nam a2200361 4500
001 - CONTROL NUMBER
control field 2861742
005 - DATE AND TIME OF LATEST TRANSACTION
control field 20150209094037.0
007 - PHYSICAL DESCRIPTION FIXED FIELD--GENERAL INFORMATION
fixed length control field 000
008 - FIXED-LENGTH DATA ELEMENTS--GENERAL INFORMATION
fixed length control field 000
010 ## - LIBRARY OF CONGRESS CONTROL NUMBER
LC control number 96001582
020 ## - INTERNATIONAL STANDARD BOOK NUMBER
Cancelled/invalid ISBN 0521482313 (hc)
International Standard Book Number 0521566436 (pbk.)
035 ## - SYSTEM CONTROL NUMBER
System control number (OCoLC)35586643
System control number (OCoLC)ocm35586643
System control number (NNC)2861742
040 ## - CATALOGING SOURCE
Original cataloging agency UOEL
Transcribing agency DLC
Modifying agency DLC
050 00 - LIBRARY OF CONGRESS CALL NUMBER
Classification number QK905
Item number .P565 1997
082 00 - DEWEY DECIMAL CLASSIFICATION NUMBER
Classification number 581.5
Edition number 20
245 00 - TITLE STATEMENT
Title Plant functional types :
Remainder of title their relevance to ecosystem properties and global change /
Statement of responsibility, etc edited by T.M. Smith, H.H. Shugart, F.I. Woodward.
260 ## - PUBLICATION, DISTRIBUTION, ETC. (IMPRINT)
Place of publication, distribution, etc Cambridge ;
-- New York :
Name of publisher, distributor, etc Cambridge Unversity Press,
Date of publication, distribution, etc 1997.
300 ## - PHYSICAL DESCRIPTION
Extent xiv, 369 p. :
Other physical details ill. (some col.) ;
Dimensions 26 cm.
490 1# - SERIES STATEMENT
Series statement International Geosphere-Biosphere Programme book series ;
Volume number/sequential designation 1
504 ## - BIBLIOGRAPHY, ETC. NOTE
Bibliography, etc Includes bibliographical references.
650 #0 - SUBJECT ADDED ENTRY--TOPICAL TERM
Topical term or geographic name as entry element Plant ecophysiology.
General subdivision Botany
Topical term or geographic name as entry element Vegetation and climate.
General subdivision Botany
Topical term or geographic name as entry element Climatic changes.
General subdivision Botany
700 1# - ADDED ENTRY--PERSONAL NAME
Personal name Smith, T. M.
Fuller form of name (Thomas Michael),
Dates associated with a name 1955-
Personal name Shugart, Herman H.
Fuller form of name (Herman Henry),
Dates associated with a name 1944-
Personal name Woodward, F. I.
830 #0 - SERIES ADDED ENTRY--UNIFORM TITLE
Uniform title International Geosphere-Biosphere Programme book series ;
Volume number/sequential designation 1.
942 ## - ADDED ENTRY ELEMENTS (KOHA)
Source of classification or shelving scheme Library of Congress Classification
Item type Loan - Normal on open shelf
Holdings
Withdrawn status Lost status Source of classification or shelving scheme Damaged status Not for loan Home library Current library Shelving location Date acquired Total Checkouts Full call number Barcode Date last seen Copy number Price effective from Koha item type
    Library of Congress Classification     UOE Main Library UOE Main Library Open shelf 09/02/2015   QK905 .P565 1997 20019288 27/04/2026 20019288 09/02/2015 Loan - Normal on open shelf
    Library of Congress Classification     UOE Main Library UOE Main Library Open shelf 09/02/2015   QK905 .P565 1997 20019279 27/04/2026 20019279 09/02/2015 Loan - Normal on open shelf